Gazetteer of the Kohat District, 1883-4. (Record no. 329808)

000 -LEADER
fixed length control field 00861nam a2200253 a 4500
001 - CONTROL NUMBER
control field 4393051
003 - CONTROL NUMBER IDENTIFIER
control field NUST
005 - DATE AND TIME OF LATEST TRANSACTION
control field 20170523122210.0
008 - FIXED-LENGTH DATA ELEMENTS--GENERAL INFORMATION
fixed length control field 911223s1990 pk 000 0 eng
010 ## - LIBRARY OF CONGRESS CONTROL NUMBER
LC control number 91930433
020 ## - INTERNATIONAL STANDARD BOOK NUMBER
Terms of availability Rs150.00
040 ## - CATALOGING SOURCE
Original cataloging agency DLC
Transcribing agency DLC
050 00 - LIBRARY OF CONGRESS CALL NUMBER
Classification number DS392.K64
Item number G39 1990
082 00 - DEWEY DECIMAL CLASSIFICATION NUMBER
Classification number 954.912 GAZ
Edition number 20
245 00 - TITLE STATEMENT
Title Gazetteer of the Kohat District, 1883-4.
260 ## - PUBLICATION, DISTRIBUTION, ETC.
Place of publication, distribution, etc. Lahore, Pakistan :
Name of publisher, distributor, etc. Sang-e-meel Publications,
Date of publication, distribution, etc. 1990.
300 ## - PHYSICAL DESCRIPTION
Extent xii, 186 p. ;
Dimensions 25 cm.
500 ## - GENERAL NOTE
General note Running title: Punjab gazetteer, Kohat District.
651 #0 - SUBJECT ADDED ENTRY--GEOGRAPHIC NAME
Geographic name Kohat District (Pakistan)
9 (RLIN) 1311
740 0# - ADDED ENTRY--UNCONTROLLED RELATED/ANALYTICAL TITLE
Uncontrolled related/analytical title Punjab gazetteer, Kohat District.
906 ## - LOCAL DATA ELEMENT F, LDF (RLIN)
a 7
b cbc
c orignew
d 2
e ncip
f 19
g y-gencatlg
942 ## - ADDED ENTRY ELEMENTS (KOHA)
Source of classification or shelving scheme
Koha item type Book
Holdings
Withdrawn status Lost status Source of classification or shelving scheme Damaged status Not for loan Permanent Location Current Location Date acquired Total Checkouts Full call number Barcode Date last seen Price effective from Koha item type
          School of Civil and Environmental Engineering (SCEE) School of Civil and Environmental Engineering (SCEE) 05/23/2017   954.912 GAZ NIT-8696 05/23/2017 05/23/2017 Book
© 2023 Central Library, National University of Sciences and Technology. All Rights Reserved.